Loading...
Fine Arts - Classical Music | 5 | 14.00 | 100% | 40% | 0% |
Fine Arts - Other Fine Arts | 3 | 10.00 | 67% | 0% | 33% |
Fine Arts - Visual Fine Arts | 6 | 16.67 | 100% | 67% | 0% |
Geography/Current Events | 4 | 20.00 | 100% | 50% | 50% |
History - American History | 4 | 15.00 | 100% | 50% | 0% |
History - European History | 5 | 16.00 | 100% | 40% | 20% |
History - Other History | 3 | 23.33 | 100% | 100% | 33% |
History - World History | 4 | 20.00 | 100% | 75% | 25% |
Literature - American Literature | 5 | 10.00 | 100% | 0% | 0% |
Literature - British Literature | 6 | 13.33 | 83% | 17% | 33% |
Literature - European Literature | 8 | 16.25 | 100% | 63% | 0% |
Literature - World/Other Literature | 4 | 10.00 | 100% | 0% | 0% |
Mythology | 5 | 16.00 | 100% | 40% | 20% |
Other Academic | 1 | 20.00 | 100% | 100% | 0% |
Philosophy | 3 | 10.00 | 100% | 0% | 0% |
Pop Culture | 1 | 20.00 | 100% | 100% | 0% |
Religion | 3 | 16.67 | 100% | 33% | 33% |
Science - Biology | 3 | 16.67 | 100% | 33% | 33% |
Science - Chemistry | 3 | 13.33 | 100% | 33% | 0% |
Science - Other Science | 5 | 20.00 | 100% | 60% | 40% |
Science - Physics | 6 | 21.67 | 100% | 100% | 17% |
Social Science | 4 | 12.50 | 100% | 25% | 0% |
World/Other Literature> | 1 | 10.00 | 100% | 0% | 0% |